CDM2007 (Record no. 107049)

MARC details
000 -LEADER
fixed length control field 01352cam a22002415a 4500
001 - CONTROL NUMBER
control field L138184
008 - FIXED-LENGTH DATA ELEMENTS--GENERAL INFORMATION
fixed length control field 070521s2007 xxka f 000 0 eng d
020 ## - INTERNATIONAL STANDARD BOOK NUMBER
International Standard Book Number 9780860176626
-- 0860176622
035 ## - SYSTEM CONTROL NUMBER
System control number (Sirsi) u138184
041 0# - LANGUAGE CODE
Language code of text/sound track or separate title eng
050 04 - LIBRARY OF CONGRESS CALL NUMBER
Classification number 690.22 $2 18
110 2# - MAIN ENTRY--CORPORATE NAME
Corporate name or jurisdiction name as entry element Ove Arup and Partners
245 00 - TITLE STATEMENT
Title CDM2007
Remainder of title construction work sector guidance for designers
250 ## - EDITION STATEMENT
Edition statement 3rd ed.
Remainder of edition statement Taking account of CDM2007 and its ACoP L144 (2007)
260 ## - PUBLICATION, DISTRIBUTION, ETC.
Place of publication, distribution, etc. London
Name of publisher, distributor, etc. CIRA
Date of publication, distribution, etc. 2007
300 ## - PHYSICAL DESCRIPTION
Extent 203p.
Other physical details ill.
Dimensions 30cm.
505 2# - FORMATTED CONTENTS NOTE
Formatted contents note Introduction -- Construction work sector guidance -- Providing information -- Sources of further information
520 ## - SUMMARY, ETC.
Summary, etc. Offers guidance to any person or organisation acting as a designer to meet their obligations under the Construction (Design and Management) Regulations 2007 with respect to designing, taking account of workplace in-use hazards. Explains the legal duty under CDM to consider these hazards and advises on how it may be discharged, taking account of Approved Code of Practice L144. Also explains how the work may be carried out in an effective, proportionate manner and discusses who is a designer for purposes of CDM.
651 #4 - SUBJECT ADDED ENTRY--GEOGRAPHIC NAME
Geographic name England and Wales
Chronological subdivision 1543-
690 ## - LOCAL SUBJECT ADDED ENTRY--TOPICAL TERM (OCLC, RLIN)
Topical term or geographic name as entry element BUILT ENVIRONMENT-CONSTRUCTION MANAGEMENT-CONSTRUCTION DESIGN AND MANAGEMENT
700 1# - ADDED ENTRY--PERSONAL NAME
Personal name Gilbertson, Alan
942 ## - ADDED ENTRY ELEMENTS (KOHA)
Suppress in OPAC 0
Holdings
Withdrawn status Lost status Damaged status Not for loan Home library Current library Shelving location Date acquired Total Checkouts Full call number Barcode Date last seen Date last checked out Copy number Price effective from Koha item type
        London London Books 14/08/2007 5 CIRIA REPORTS 30073910 10/06/2024 07/04/2008 1 06/08/2019 Book